000 00557ntaaa2200205 4500
003 01
005 20251027203035.0
008 0714s1973 ag 01
020 _a9681615433
040 _aAR-BaBN
_bspa
_cAR-BaBN
_eaacr
_dRIC
082 _a028.5500 T79n
100 _aTucker, Nicholas
_931457
245 _aEl niño y el libro
250 _a1 ed.
260 _aMexico :
_bFondo de Cultura Económica,
_c1981, 1985
300 _a429 p. ;
_c17 cm
500 _aLa relación de los niños con la literatura
650 _aLectura-Niños
_931458
942 _cBK
999 _c25750
_d25750